Acid Politics Environmental and Energy Policies in Britain and Germanyt (Record no. 635)
[ view plain ]
| 000 -LEADER | |
|---|---|
| fixed length control field | 00727nam a22002297a 4500 |
| 008 - FIXED-LENGTH DATA ELEMENTS--GENERAL INFORMATION | |
| fixed length control field | 130827b xxu||||| |||| 00| 0 eng d |
| 020 ## - INTERNATIONAL STANDARD BOOK NUMBER | |
| International Standard Book Number | 185293 3178 |
| 024 ## - OTHER STANDARD IDENTIFIER | |
| Terms of availability | Available |
| 037 ## - SOURCE OF ACQUISITION | |
| Terms of availability | Available |
| 040 ## - CATALOGING SOURCE | |
| Original cataloging agency | mbstu Library |
| Modifying agency | mbstu Library |
| 082 ## - DEWEY DECIMAL CLASSIFICATION NUMBER | |
| Classification number | 363.7 BOA |
| 100 ## - MAIN ENTRY--PERSONAL NAME | |
| Personal name | Sanja Bochmer |
| 245 ## - TITLE STATEMENT | |
| Title | Acid Politics Environmental and Energy Policies in Britain and Germanyt |
| 260 ## - PUBLICATION, DISTRIBUTION, ETC. (IMPRINT) | |
| Place of publication, distribution, etc. | New York |
| Name of publisher, distributor, etc. | Belhaven Press |
| Date of publication, distribution, etc. | 1991 |
| 300 ## - PHYSICAL DESCRIPTION | |
| Extent | 22.5 cm |
| Other physical details | 296 Page |
| Type of unit | 01 |
| Size of unit | 22.5 cm |
| 600 ## - SUBJECT ADDED ENTRY--PERSONAL NAME | |
| Source of heading or term | Environmental Problem |
| 700 ## - ADDED ENTRY--PERSONAL NAME | |
| Personal name | Sanja Bochmer |
| 270 ## - ADDRESS | |
| Address | New York |
| City | New York |
| Country | USA |
| 365 ## - TRADE PRICE | |
| Price amount | 1762.00 |
| Unit of pricing | 1762.00 |
| 942 ## - ADDED ENTRY ELEMENTS (KOHA) | |
| Source of classification or shelving scheme | |
| Koha item type | Books |
No items available.
